00554nam a2200181Ia 4500008004100000020001800041082001600059100002400075245005800099250000600157260003900163300001200202500002400214650001400238942000700252952009600259999001700355230524s9999 xx 000 0 und d a9789382332534 a670.42bSAW aG.S. Sawhney942948 0aManufacturing science Vol-I : Forming Casting Welding a1 aNew DelhibI.K.Internationalc2015 aX.450p; aQuantity Number: 1 aMechanics cBK 00104070aTATCLbTATCLcGENd2023-05-24l0o670.42 SAWp54201r2023-05-24w2023-05-24yBK c57908d57908